000 00419nam a2200181Ia 4500
001 20862
005 20260306172837.0
008 260306t1970||||xx |||||||||||||| ||spa||
041 _aESP
082 _a343.8
_bJ24
100 _aJarach, Dino
_eAUT
245 0 _aTratado de derecho tributario
260 _c1970
300 _a207 páginas :
_c21 cm.
650 _aGEN
654 _aCCO
942 _cLIB
_dJUS
_fJUS
_2ddc
_n
999 _c20862
_d20862